Baby Names: Top US (1950) Quiz Stats

 Plays Quiz Updated Oct 4, 2018

Score 0/40 Timer 07:00
11 Plays Today
Rank Name % Correct
BoysJohn
88.3%
GirlsMary
74.7%
BoysJames
74.3%
BoysMichael
72.9%
BoysRobert
67.5%
BoysWilliam
66.7%
BoysDavid
60.3%
BoysThomas
56.9%
BoysPaul
53.7%
BoysRichard
53.2%
GirlsSusan
52%
BoysGeorge
51.9%
BoysJoseph
48.8%
BoysSteven
42.2%
BoysCharles
41.1%
GirlsMargaret
40.4%
GirlsLinda
39.4%
GirlsCarol
39.1%
GirlsBarbara
37.2%
GirlsPatricia
36.5%
Rank Name % Correct
BoysStephen
32.8%
GirlsNancy
32.4%
BoysDonald
31.1%
GirlsKaren
31.1%
BoysRonald
29.4%
GirlsDeborah
28.5%
GirlsJanet
26.8%
GirlsDiane
25.6%
GirlsDonna
25.2%
GirlsSandra
23.5%
GirlsSharon
22.3%
BoysLarry
21.8%
GirlsKathleen
21.5%
BoysGary
21.4%
BoysKenneth
20.7%
GirlsPamela
18.4%
GirlsBrenda
17.5%
GirlsCarolyn
16.2%
BoysDennis
15.8%
GirlsShirley
13.4%

You're not logged in!

Compare scores with friends on all Sporcle quizzes.
OR
Log In

Sporcle TV

Today on Sporcle TV


Watch our educational content, quiz creation guides, and fun videos on Sporcle TV.

Show Comments

Extras

Top Quizzes Today


Score Distribution

Your Account Isn't Verified!

In order to create a playlist on Sporcle, you need to verify the email address you used during registration. Go to your Sporcle Settings to finish the process.

Report this User

Report this user for behavior that violates our Community Guidelines.

Details: